[Event "Kiev-Lvov Region Blitz"]
[Site "Kiev"]
[Date "2021.09.15"]
[Round "8"]
[White "Firman, Nazar"]
[Black "Roshka, Yevgeniy"]
[Result "1/2-1/2"]
[WhiteElo "2492"]
[BlackElo "2479"]
[PlyCount "76"]
[EventDate "2021.09.15"]
[EventType "team-match (blitz)"]
[EventRounds "8"]
[EventCountry "UKR"]
[SourceTitle "CBM 204 Extra"]
[Source "ChessBase"]
[SourceDate "2021.11.30"]
[SourceVersion "1"]
[SourceVersionDate "2021.11.30"]
[SourceQuality "1"]
[WhiteTeam "Lvov Region"]
[BlackTeam "Kiev Region"]
[WhiteTeamCountry "UKR"]
[BlackTeamCountry "UKR"]

1. e4 g6 2. d4 Bg7 3. Nc3 d6 4. h4 h6 5. h5 g5 6. f4 gxf4 7. Bxf4 Nd7 8. Nf3 c5 9. d5 a6 10. a4 Qa5 11. Bd2 Qc7 12. Bf4 Qa5 13. Ra3 c4 14. Bxc4 Qb4 15. Nd2 Nc5 16. Qc1 Nf6 17. Na2 Qb6 18. a5 Qc7 19. Re3 Ng4 20. Re2 Ne5 21. b4 Na4 22. Bb3 Nc3 23. Nxc3 Qxc3 24. Ba4+ Kf8 25. 0-0 Qxb4 26. Bb3 Bg4 27. Ref2 Bxh5 28. c3 Qxa5 29. Bd1 Bg6 30. Bxe5 Bxe5 31. Nc4 Qxc3 32. Nxe5 Qxe5 33. Qc7 Kg7 34. Qxb7 Rhb8 35. Qd7 a5 36. Bg4 Rd8 37. Qc7 Qxe4 38. Be6 fxe6 1/2-1/2

[Event "Kiev-Lvov Region Blitz"]
[Site "Kiev"]
[Date "2021.09.15"]
[Round "4"]
[White "Omelja, Artem"]
[Black "Firman, Nazar"]
[Result "1-0"]
[WhiteElo "2509"]
[BlackElo "2492"]
[PlyCount "81"]
[EventDate "2021.09.15"]
[EventType "team-match (blitz)"]
[EventRounds "8"]
[EventCountry "UKR"]
[SourceTitle "CBM 204 Extra"]
[Source "ChessBase"]
[SourceDate "2021.11.30"]
[SourceVersion "1"]
[SourceVersionDate "2021.11.30"]
[SourceQuality "1"]
[WhiteTeam "Kiev Region"]
[BlackTeam "Lvov Region"]
[WhiteTeamCountry "UKR"]
[BlackTeamCountry "UKR"]

1. Nf3 g6 2. c4 Bg7 3. d4 d6 4. e4 Bg4 5. Be2 Nc6 6. Nbd2 e5 7. d5 Nce7 8. h3 Bd7 9. c5 dxc5 10. Nc4 f6 11. d6 Nc6 12. dxc7 Qxc7 13. Qd6 Qxd6 14. Nxd6+ Ke7 15. Nxb7 Nd4 16. Nxd4 cxd4 17. b3 Bh6 18. Ba3+ Kf7 19. Bc4+ Kg7 20. Nc5 Rd8 21. Ke2 f5 22. Be6 Bb5+ 23. Bc4 Bxc4+ 24. bxc4 Nf6 25. exf5 Rc8 26. fxg6 Kxg6 27. Rab1 e4 28. Rb5 d3+ 29. Kd1 Rhe8 30. Bb2 Bf8 31. Bxf6 Kxf6 32. Nd7+ Kg6 33. Ne5+ Kg7 34. Re1 a6 35. Rd5 Rb8 36. Rxe4 Rb1+ 37. Kd2 Rb2+ 38. Kxd3 Rxf2 39. Rd7+ Re7 40. Rxe7+ Bxe7 41. Ng4 1-0

[Event "Kiev-Lvov Region Blitz"]
[Site "Kiev"]
[Date "2021.09.15"]
[Round "6"]
[White "Roshka, Yevgeniy"]
[Black "Firman, Nazar"]
[Result "1-0"]
[WhiteElo "2479"]
[BlackElo "2492"]
[PlyCount "89"]
[EventDate "2021.09.15"]
[EventType "team-match (blitz)"]
[EventRounds "8"]
[EventCountry "UKR"]
[SourceTitle "CBM 204 Extra"]
[Source "ChessBase"]
[SourceDate "2021.11.30"]
[SourceVersion "1"]
[SourceVersionDate "2021.11.30"]
[SourceQuality "1"]
[WhiteTeam "Kiev Region"]
[BlackTeam "Lvov Region"]
[WhiteTeamCountry "UKR"]
[BlackTeamCountry "UKR"]

1. d4 Nf6 2. c4 e6 3. g3 d5 4. Nf3 Bb4+ 5. Bd2 Be7 6. Qc2 b6 7. Bg2 Bb7 8. cxd5 exd5 9. b4 0-0 10. 0-0 Ne4 11. Rc1 Bd6 12. Bf4 Bxb4 13. Qxc7 Ba6 14. a3 Ba5 15. Nbd2 Qxc7 16. Rxc7 Bxe2 17. Nxe4 dxe4 18. Ng5 Na6 19. Re7 Rfe8 20. Rxe4 Rxe4 21. Bxe4 Rd8 22. Bxh7+ Kf8 23. Ra2 Bc4 24. Rc2 Rxd4 25. Bf5 Rd1+ 26. Kg2 Bf1+ 27. Kf3 Nc5 28. Be3 Bd3 29. Bxd3 Rxd3 30. Ne4 Ne6 31. Rc8+ Ke7 32. Ra8 Rd7 33. g4 g6 34. h4 f5 35. gxf5 gxf5 36. Ng3 f4 37. Bxf4 Nxf4 38. Kxf4 Rd4+ 39. Ne4 Ra4 40. Rxa7+ Kf8 41. Kf5 Rxa3 42. f4 Rh3 43. Kg6 Rxh4 44. Nf6 Rxf4 45. Rf7# 1-0

[Event "Kiev-Lvov Region Rapid"]
[Site "Kiev"]
[Date "2021.09.14"]
[Round "4"]
[White "Roshka, Yevgeniy"]
[Black "Firman, Nazar"]
[Result "1-0"]
[WhiteElo "2479"]
[BlackElo "2492"]
[PlyCount "95"]
[EventDate "2021.09.14"]
[EventType "team-match (rapid)"]
[EventRounds "4"]
[EventCountry "UKR"]
[SourceTitle "CBM 204 Extra"]
[Source "ChessBase"]
[SourceDate "2021.11.30"]
[SourceVersion "1"]
[SourceVersionDate "2021.11.30"]
[SourceQuality "1"]
[WhiteTeam "Kiev Region"]
[BlackTeam "Lvov Region"]
[WhiteTeamCountry "UKR"]
[BlackTeamCountry "UKR"]

1. e4 c5 2. Nf3 d6 3. Bb5+ Nd7 4. 0-0 a6 5. Bd3 e5 6. c3 g5 7. Bc2 g4 8. Ne1 Ngf6 9. d4 cxd4 10. cxd4 Bg7 11. dxe5 Nxe5 12. Nc3 Be6 13. Nd3 0-0 14. Nf4 Rc8 15. Bb3 Nc4 16. Qe2 b5 17. e5 dxe5 18. Nxe6 fxe6 19. a4 Qe8 20. axb5 axb5 21. Ra7 Rf7 22. Rxf7 Kxf7 23. Ne4 Nxe4 24. Qxe4 Kg8 25. Qxg4 Qg6 26. Qe2 e4 27. Bc2 Nd6 28. Bf4 e5 29. Bg3 h5 30. h4 Qg4 31. Qd2 Rd8 32. Qd5+ Nf7 33. Qxe4 Qxe4 34. Bxe4 Rd2 35. b3 Nd6 36. Bg6 Bf6 37. Rc1 Kg7 38. Bxh5 Nf5 39. Rc7+ Kh6 40. Bf3 Bxh4 41. Bxe5 Bxf2+ 42. Kh2 Kg5 43. Rc8 Ne7 44. Re8 Ng6 45. Bc7 Rd7 46. Bd8+ Kf4 47. Re4+ Kf5 48. g4# 1-0

[Event "Barcelona City op 24th"]
[Site "Barcelona"]
[Date "2019.10.05"]
[Round "9"]
[White "Firman, Nazar"]
[Black "Shevchenko, Kirill"]
[Result "0-1"]
[WhiteElo "2495"]
[BlackElo "2541"]
[PlyCount "94"]
[EventDate "2019.09.27"]
[EventType "swiss"]
[EventRounds "9"]
[EventCountry "ESP"]
[SourceTitle "EXT 2020"]
[Source "ChessBase"]
[SourceDate "2019.10.17"]
[SourceVersion "1"]
[SourceVersionDate "2019.10.17"]
[SourceQuality "1"]

1. e4 c5 2. Nf3 d6 3. c3 Nf6 4. h3 Bd7 5. Bd3 Bc6 6. Qe2 Nh5 7. Bc2 Nf4 8. Qf1 d5 9. d3 dxe4 10. dxe4 Qc7 11. Na3 Nd7 12. Be3 e6 13. h4 Nh5 14. 0-0-0 a6 15. Rxd7 Bxd7 16. e5 f5 17. Qe2 g6 18. g4 fxg4 19. Ng5 0-0-0 20. Qxg4 Ng7 21. Re1 Bc6 22. Nc4 Rd7 23. Nd6+ Bxd6 24. exd6 Qxd6 25. Bf4 Qd5 26. Ne4 Rf8 27. Bh6 Qh5 28. Qxh5 gxh5 29. Nxc5 Re7 30. Rg1 Rff7 31. f4 Nf5 32. Bg5 Re8 33. b4 h6 34. Bxf5 exf5 35. Bxh6 Rfe7 36. Nd3 Re2 37. Ne5 Be4 38. Bg5 Rxa2 39. Rg3 Re6 40. Nf7 Rc6 41. Kd1 Ra1+ 42. Kd2 Ra2+ 43. Kd1 Rc2 44. Bh6 R6xc3 45. Rg8+ Kc7 46. Bg7 Bf3+ 47. Ke1 Re2+ 0-1

[Event "Barcelona City op 24th"]
[Site "Barcelona"]
[Date "2019.09.29"]
[Round "3"]
[White "Firman, Nazar"]
[Black "Kamsky, Gata"]
[Result "0-1"]
[WhiteElo "2495"]
[BlackElo "2685"]
[PlyCount "126"]
[EventDate "2019.09.27"]
[EventType "swiss"]
[EventRounds "9"]
[EventCountry "ESP"]
[SourceTitle "EXT 2020"]
[Source "ChessBase"]
[SourceDate "2019.10.17"]
[SourceVersion "1"]
[SourceVersionDate "2019.10.17"]
[SourceQuality "1"]

1. e4 e5 2. Nf3 Nc6 3. Bb5 Nf6 4. d3 d6 5. Bd2 g6 6. Bc3 Bg7 7. Nbd2 0-0 8. Bxc6 bxc6 9. 0-0 c5 10. a3 Nh5 11. b4 cxb4 12. axb4 f5 13. Ra3 fxe4 14. dxe4 Nf4 15. Nc4 Qd7 16. Bd2 Nxg2 17. Ng5 Nh4 18. Rh3 Qxh3 19. Nxh3 Bxh3 20. Be3 Nf3+ 21. Kh1 Kh8 22. Na5 a6 23. Qd3 Bxf1 24. Qxf1 Bf6 25. Bh6 Bg7 26. Be3 h5 27. Qc4 Kh7 28. Kg2 Rac8 29. Nc6 Rce8 30. Qxa6 Ne1+ 31. Kf1 Nxc2 32. Ba7 Nd4 33. Qc4 Nxc6 34. Qxc6 Re7 35. Ke2 Bf6 36. b5 Bh4 37. Be3 Rf6 38. b6 cxb6 39. Qxb6 Ref7 40. Qb8 Bxf2 41. Bg5 Rf3 42. Qxd6 Bd4 43. Qe6 Rf2+ 44. Kd3 Rc7 45. Bd2 Rxh2 46. Ba5 Ra7 47. Bb4 Rb7 48. Qc8 Rf7 49. Qe6 Rhf2 50. Be7 R2f3+ 51. Kc4 Kg7 52. Kd5 Rb3 53. Bd6 Rbb7 54. Kc6 Ra7 55. Bxe5+ Bxe5 56. Qxe5+ Rf6+ 57. Kb5 Kf7 58. Qg5 Re7 59. Qh6 Rxe4 60. Qh7+ Ke6 61. Kc5 Kf5 62. Qd7+ Rfe6 63. Kd5 h4 0-1

[Event "GRE-chT 46th"]
[Site "Rio Achaia"]
[Date "2018.07.11"]
[Round "3.6"]
[White "Firman, Nazar"]
[Black "Firat, Burak"]
[Result "0-1"]
[WhiteElo "2512"]
[BlackElo "2452"]
[PlyCount "88"]
[EventDate "2018.07.10"]
[EventType "team"]
[EventRounds "7"]
[EventCountry "GRE"]
[SourceTitle "CBM 185 Extra"]
[Source "ChessBase"]
[SourceDate "2018.07.29"]
[SourceVersion "1"]
[SourceVersionDate "2018.07.29"]
[SourceQuality "1"]
[WhiteTeam "Sea of Corinth Argonaut"]
[BlackTeam "Piraikos"]
[WhiteTeamCountry "GRE"]
[BlackTeamCountry "GRE"]

1. e4 e6 2. d3 d5 3. Nd2 Nf6 4. Ngf3 Nc6 5. c3 e5 6. Be2 Be7 7. b4 a6 8. Bb2 0-0 9. 0-0 b5 10. Re1 Re8 11. a4 Rb8 12. axb5 axb5 13. Bf1 Be6 14. Ra6 Qd7 15. Qa1 Bd6 16. Ng5 Bg4 17. h3 Bh5 18. exd5 Nxd5 19. Nge4 f5 20. Nxd6 cxd6 21. g3 Nc7 22. Ra3 d5 23. Bg2 e4 24. Re3 Ne6 25. dxe4 dxe4 26. Bc1 Ne5 27. Ra7 Qd8 28. c4 Nc6 29. g4 Nxa7 30. Qxa7 fxg4 31. Rxe4 Ra8 32. Qe3 Ra1 33. Nb3 Rb1 34. Rxe6 Rxe6 35. Qxe6+ Bf7 36. Qe4 Rxb3 37. Bg5 Qc8 38. c5 gxh3 39. Bf1 Qe8 40. Be7 Ra3 41. Qe5 Qa8 42. Kh2 Ra1 43. Bxh3 Qh1+ 44. Kg3 Ra3+ 0-1

[Event "Lvov Vasylyshyn Memorial-A 14th"]
[Site "Lvov"]
[Date "2017.11.29"]
[Round "1"]
[White "Firman, Nazar"]
[Black "Krykun, Yuriy"]
[Result "1/2-1/2"]
[WhiteElo "2523"]
[BlackElo "2366"]
[PlyCount "163"]
[EventDate "2017.11.29"]
[EventType "tourn"]
[EventRounds "9"]
[EventCountry "UKR"]
[EventCategory "7"]
[SourceTitle "EXT 2019"]
[Source "ChessBase"]
[SourceDate "2018.10.10"]
[SourceVersion "1"]
[SourceVersionDate "2018.10.10"]
[SourceQuality "1"]

1. e4 e5 2. Nf3 Nc6 3. Bc4 Bc5 4. d3 Nf6 5. c3 0-0 6. Bb3 a6 7. Bg5 Be7 8. Nbd2 h6 9. Bh4 d6 10. Nc4 Be6 11. Ne3 Qd7 12. Bc2 Ng4 13. Bg3 Nxe3 14. fxe3 f5 15. exf5 Bxf5 16. 0-0 Rae8 17. d4 exd4 18. exd4 d5 19. Bxf5 Rxf5 20. Qc2 Rff8 21. Qg6 Rf6 22. Qh5 Bd8 23. Rae1 Rxe1 24. Rxe1 Rf8 25. Nh4 Qf7 26. Qe2 Bg5 27. h3 Ne7 28. Nf3 Nf5 29. Nxg5 Nxg3 30. Qe3 hxg5 31. Qxg3 Qf4 32. Qxf4 Rxf4 33. Re7 Rf7 34. Re5 g4 35. hxg4 c6 36. Rf5 Re7 37. Kf2 Kh7 38. b3 Kg6 39. a4 Rf7 40. Rf3 Re7 41. Rf5 Re4 42. Kf3 Re1 43. Re5 Rc1 44. Re3 Kf6 45. a5 Ra1 46. g5+ Kxg5 47. Re7 g6 48. Rxb7 Rc1 49. Rb6 Rxc3+ 50. Ke2 Kf5 51. Kd2 Rg3 52. Rxa6 Rxb3 53. Rxc6 Ra3 54. a6 Ke4 55. Rxg6 Kxd4 56. Kc2 Kc4 57. Kb2 Ra5 58. Rc6+ Kb5 59. Re6 Kc4 60. Rc6+ Kb5 61. Rd6 Kc4 62. g4 d4 63. Rc6+ Kd5 64. Rg6 Kc4 65. g5 d3 66. Rc6+ Kd5 67. Rb6 d2 68. Kc2 Kc5 69. Rf6 Kd4 70. Rd6+ Ke3 71. Re6+ Kd4 72. g6 Ra2+ 73. Kd1 Kd3 74. Rd6+ Ke3 75. g7 Ra1+ 76. Kc2 Rc1+ 77. Kb3 Rc8 78. Kb4 Ke2 79. Re6+ Kf2 80. Rf6+ Ke2 81. Re6+ Kf2 82. Rf6+ 1/2-1/2

[Event "Lutsk Nebesna Sotnya Memorial rapid"]
[Site "Lutsk"]
[Date "2017.02.18"]
[Round "2"]
[White "Shpanko, Nadiia"]
[Black "Firman, Nazar"]
[Result "1/2-1/2"]
[WhiteElo "2100"]
[BlackElo "2512"]
[PlyCount "75"]
[EventDate "2017.02.18"]
[EventType "swiss (rapid)"]
[EventRounds "11"]
[EventCountry "UKR"]
[SourceTitle "CBM 176 Extra"]
[Source "ChessBase"]
[SourceDate "2017.03.02"]
[SourceVersion "1"]
[SourceVersionDate "2017.03.02"]
[SourceQuality "1"]

1. e4 d6 2. d4 Nf6 3. Nc3 g6 4. Be3 a6 5. h3 Bg7 6. Qd2 b5 7. f3 Nbd7 8. g4 Nb6 9. h4 h5 10. g5 Nfd7 11. f4 Bb7 12. Bd3 c5 13. d5 b4 14. Nd1 0-0 15. Nf3 e6 16. dxe6 fxe6 17. 0-0 Qc7 18. c3 c4 19. Bc2 Nc5 20. cxb4 Nxe4 21. Bxe4 Bxe4 22. Nc3 Bd3 23. Rf2 e5 24. Ne1 Rae8 25. Nxd3 cxd3 26. Qxd3 e4 27. Nxe4 Qc4 28. Nf6+ Bxf6 29. Qxg6+ Bg7 30. Bxb6 Qxb4 31. Bc7 Qd4 32. Bxd6 Re2 33. Raf1 Rfe8 34. Be5 R8xe5 35. fxe5 Qg4+ 36. Kh2 Qxh4+ 37. Kg2 Qg4+ 38. Kh2 1/2-1/2

[Event "Lutsk Nebesna Sotnya Memorial blitz"]
[Site "Lutsk"]
[Date "2017.02.17"]
[Round "12"]
[White "Bortnyk, Mykola"]
[Black "Firman, Nazar"]
[Result "1-0"]
[WhiteElo "2428"]
[BlackElo "2512"]
[PlyCount "59"]
[EventDate "2017.02.17"]
[EventType "swiss (blitz)"]
[EventRounds "15"]
[EventCountry "UKR"]
[SourceTitle "CBM 176 Extra"]
[Source "ChessBase"]
[SourceDate "2017.03.02"]
[SourceVersion "1"]
[SourceVersionDate "2017.03.02"]
[SourceQuality "1"]

1. e4 d6 2. d4 Nf6 3. Nc3 g6 4. h3 Bg7 5. g4 c5 6. Nge2 cxd4 7. Nxd4 Nc6 8. Be3 0-0 9. Bg2 Ne5 10. b3 Bd7 11. 0-0 Rc8 12. Qd2 a6 13. Nce2 b5 14. Ng3 Qc7 15. f4 Nc6 16. c3 e5 17. Nde2 exf4 18. Nxf4 Be6 19. Rad1 Ne5 20. Nxe6 fxe6 21. Qxd6 Qxd6 22. Rxd6 Rxc3 23. Bd4 Rxg3 24. Bxe5 Re3 25. Rxe6 Ne8 26. Rxf8+ Kxf8 27. Rxe8+ Kxe8 28. Bxg7 Re2 29. a4 Rb2 30. Bxb2 1-0

[Event "Lutsk Nebesna Sotnya Memorial blitz"]
[Site "Lutsk"]
[Date "2017.02.17"]
[Round "9"]
[White "Firman, Nazar"]
[Black "Bordovsky, Vladimir"]
[Result "1-0"]
[WhiteElo "2512"]
[BlackElo "2382"]
[PlyCount "50"]
[EventDate "2017.02.17"]
[EventType "swiss (blitz)"]
[EventRounds "15"]
[EventCountry "UKR"]
[SourceTitle "CBM 176 Extra"]
[Source "ChessBase"]
[SourceDate "2017.03.02"]
[SourceVersion "1"]
[SourceVersionDate "2017.03.02"]
[SourceQuality "1"]

1. e4 e5 2. Nf3 Nc6 3. Bb5 d6 4. c3 Nf6 5. d3 Bd7 6. Nbd2 g6 7. Nf1 Bg7 8. Ng3 0-0 9. h3 a6 10. Ba4 b5 11. Bc2 d5 12. Bg5 Be6 13. 0-0 h6 14. Be3 Qd7 15. Bc5 Rfe8 16. a4 Kh7 17. b4 Qc8 18. Bb3 dxe4 19. dxe4 Bxb3 20. Qxb3 Kg8 21. Rfd1 Rd8 22. Rxd8+ Qxd8 23. Rd1 Qe8 24. Rd2 Nd7 25. Be3 Nb6 1-0

[Event "Varna 10th"]
[Site "Varna"]
[Date "2016.07.03"]
[Round "7"]
[White "Dimov, Dian"]
[Black "Firman, Nazar"]
[Result "0-1"]
[WhiteElo "2255"]
[BlackElo "2519"]
[PlyCount "58"]
[EventDate "2016.06.27"]
[EventType "tourn"]
[EventRounds "7"]
[EventCountry "BUL"]
[EventCategory "6"]
[SourceTitle "CBM 173 Extra"]
[Source "ChessBase"]
[SourceDate "2016.08.29"]
[SourceVersion "1"]
[SourceVersionDate "2016.08.29"]
[SourceQuality "1"]

1. e4 g6 2. d4 Bg7 3. Nc3 d6 4. Be3 a6 5. h4 Nf6 6. f3 b5 7. Qd2 Bb7 8. 0-0-0 Nbd7 9. g4 h6 10. Nce2 Nb6 11. Ng3 Nfd7 12. Rh2 e6 13. Kb1 Qe7 14. g5 h5 15. f4 f5 16. d5 fxe4 17. dxe6 Qxe6 18. Bh3 Qe7 19. Bd4 Nc4 20. Qc3 Bxd4 21. Rxd4 0-0-0 22. Re2 d5 23. Nf3 Kb8 24. Rd1 Ndb6 25. b3 Qa3 26. Ne5 Na4 27. Qa1 Ncb2 28. bxa4 Nxd1 29. Nd7+ Ka8 0-1

[Event "Varna 10th"]
[Site "Varna"]
[Date "2016.07.02"]
[Round "6"]
[White "Firman, Nazar"]
[Black "Smirnov, Artem"]
[Result "1-0"]
[WhiteElo "2519"]
[BlackElo "2416"]
[PlyCount "75"]
[EventDate "2016.06.27"]
[EventType "tourn"]
[EventRounds "7"]
[EventCountry "BUL"]
[EventCategory "6"]
[SourceTitle "CBM 173 Extra"]
[Source "ChessBase"]
[SourceDate "2016.08.29"]
[SourceVersion "1"]
[SourceVersionDate "2016.08.29"]
[SourceQuality "1"]

1. e4 e5 2. Nf3 Nc6 3. Bc4 Nf6 4. d3 Be7 5. Nc3 d6 6. a3 0-0 7. Be3 Be6 8. Nd5 Qd7 9. h3 Bd8 10. Nxf6+ Bxf6 11. Bxe6 fxe6 12. c3 Kh8 13. Qe2 d5 14. Rd1 a5 15. 0-0 a4 16. Nh2 Qe7 17. Qg4 b5 18. Nf3 Rae8 19. d4 Qf7 20. Bg5 h6 21. Bxf6 Qxf6 22. Rfe1 exd4 23. cxd4 e5 24. exd5 Nxd4 25. Nxe5 Qxf2+ 26. Kh1 Nf5 27. Ng6+ Kg8 28. Re6 Ne3 29. Qe4 Nxd1 30. Rxe8 Qf1+ 31. Kh2 Rxe8 32. Qxe8+ Kh7 33. Nf8+ Kg8 34. Ne6+ Kh7 35. Qe7 Qf6 36. Qxf6 gxf6 37. Nxc7 Nxb2 38. d6 1-0

[Event "Varna 10th"]
[Site "Varna"]
[Date "2016.06.29"]
[Round "3"]
[White "Firman, Nazar"]
[Black "Ivanov, Jordan"]
[Result "1-0"]
[WhiteElo "2519"]
[BlackElo "2330"]
[PlyCount "81"]
[EventDate "2016.06.27"]
[EventType "tourn"]
[EventRounds "7"]
[EventCountry "BUL"]
[EventCategory "6"]
[SourceTitle "CBM 173 Extra"]
[Source "ChessBase"]
[SourceDate "2016.08.29"]
[SourceVersion "1"]
[SourceVersionDate "2016.08.29"]
[SourceQuality "1"]

1. e4 e5 2. Nf3 Nc6 3. Bb5 a6 4. Ba4 Nf6 5. d3 b5 6. Bb3 Be7 7. a4 Rb8 8. axb5 axb5 9. Nc3 0-0 10. Bg5 d6 11. Bxf6 Bxf6 12. Nd5 Be6 13. 0-0 Bxd5 14. Bxd5 Ne7 15. Bb3 Qd7 16. Ra6 Ra8 17. Qa1 Qc8 18. Rxa8 Qxa8 19. h4 h6 20. g3 g6 21. Qd1 Bg7 22. h5 Kh7 23. Nh4 g5 24. Ng2 f5 25. exf5 Nxf5 26. c3 d5 27. Qg4 c5 28. f4 gxf4 29. gxf4 exf4 30. d4 Ng3 31. Bc2+ Kh8 32. Nxf4 Nxf1 33. Ng6+ Kg8 34. Ne7+ Kf7 35. Nf5 Bf6 36. dxc5 Nd2 37. c6 Qxc6 38. Qg6+ Ke6 39. Nd4+ Kd6 40. Nxc6 Kxc6 41. Qxh6 1-0

[Event "Varna 10th"]
[Site "Varna"]
[Date "2016.06.27"]
[Round "1"]
[White "Firman, Nazar"]
[Black "Dimitrov, Radoslav"]
[Result "0-1"]
[WhiteElo "2519"]
[BlackElo "2500"]
[PlyCount "98"]
[EventDate "2016.06.27"]
[EventType "tourn"]
[EventRounds "7"]
[EventCountry "BUL"]
[EventCategory "6"]
[SourceTitle "CBM 173 Extra"]
[Source "ChessBase"]
[SourceDate "2016.08.29"]
[SourceVersion "1"]
[SourceVersionDate "2016.08.29"]
[SourceQuality "1"]

1. e4 c6 2. Nf3 d5 3. Nc3 Bg4 4. h3 Bh5 5. exd5 cxd5 6. g4 Bg6 7. Ne5 Nc6 8. Nxg6 hxg6 9. Bg2 e6 10. Ne2 Bd6 11. d3 Nge7 12. Be3 Qc7 13. c4 dxc4 14. dxc4 Qa5+ 15. Nc3 Bc5 16. Bxc5 Qxc5 17. Ne4 Qe5 18. Qd6 Rd8 19. Qxe5 Nxe5 20. 0-0 Nxc4 21. Rfc1 Nd6 22. Nxd6+ Rxd6 23. Rc7 Rd7 24. Rac1 Kd8 25. R7c3 Re8 26. Ra3 a6 27. Rb3 Nd5 28. Kh2 Ree7 29. Rd1 Kc8 30. Rbd3 Nb4 31. Rxd7 Rxd7 32. Rxd7 Kxd7 33. Bxb7 Kc7 34. Be4 Nxa2 35. f4 Kd6 36. Kg3 Kc5 37. Kh4 Nb4 38. Kg5 Nd5 39. Bd3 a5 40. h4 Kd4 41. Bb5 Nf6 42. h5 Ne4+ 43. Kh4 gxh5 44. gxh5 Ke3 45. h6 gxh6 46. f5 exf5 47. Kh5 f4 48. Kxh6 f3 49. Kg7 f2 0-1

[Event "BL2-West 1516"]
[Site "Germany"]
[Date "2016.04.24"]
[Round "2.2"]
[White "Orlov, Andrey"]
[Black "Firman, Nazar"]
[Result "0-1"]
[WhiteElo "2489"]
[BlackElo "2523"]
[PlyCount "80"]
[EventDate "2015.09.20"]
[EventType "team-tourn"]
[EventRounds "9"]
[EventCountry "GER"]
[SourceTitle "EXT 2017"]
[Source "ChessBase"]
[SourceDate "2016.10.25"]
[SourceVersion "1"]
[SourceVersionDate "2016.10.25"]
[SourceQuality "1"]
[WhiteTeam "Bochum"]
[BlackTeam "Katernberg"]
[WhiteTeamCountry "GER"]
[BlackTeamCountry "GER"]

1. e4 d6 2. d4 Nf6 3. Nc3 g6 4. Nf3 Bg7 5. h3 0-0 6. Be2 a6 7. a4 b6 8. 0-0 Bb7 9. e5 dxe5 10. Nxe5 Nbd7 11. Bf3 Bxf3 12. Nxf3 c5 13. Be3 Qc7 14. Qe2 Rfe8 15. d5 Qb7 16. Rad1 Rad8 17. Rd2 Nh5 18. Qc4 Rb8 19. Rfd1 b5 20. axb5 axb5 21. Qh4 Ra8 22. Ne4 Bxb2 23. c4 bxc4 24. Rb1 Ra1 25. Rdd1 Qa6 26. Rxa1 Bxa1 27. Nxc5 Nxc5 28. Bxc5 Nf6 29. Bd4 Bxd4 30. Qxd4 Rc8 31. Qc3 Qd6 32. Qd4 c3 33. Ne1 Rc5 34. Rc1 Qxd5 35. Qxd5 Nxd5 36. Kf1 Nb4 37. Ke2 Re5+ 38. Kf3 Rxe1 39. Rxe1 Nd3 40. Re2 c2 0-1

[Event "Lutsk Nebesna Sotnya Memorial rap"]
[Site "Lutsk"]
[Date "2016.02.21"]
[Round "10"]
[White "Bogatyrev, Sergey"]
[Black "Firman, Nazar"]
[Result "0-1"]
[WhiteElo "2300"]
[BlackElo "2519"]
[PlyCount "118"]
[EventDate "2016.02.20"]
[EventType "swiss (rapid)"]
[EventRounds "11"]
[EventCountry "UKR"]
[SourceTitle "CBM 171 Extra"]
[Source "ChessBase"]
[SourceDate "2016.04.26"]
[SourceVersion "1"]
[SourceVersionDate "2016.04.26"]
[SourceQuality "1"]

1. c4 g6 2. Nf3 Bg7 3. g3 e5 4. Nc3 Nc6 5. Bg2 Nge7 6. 0-0 0-0 7. d3 d6 8. Rb1 a5 9. a3 Nd4 10. b4 axb4 11. axb4 c6 12. b5 Nxf3+ 13. Bxf3 Bh3 14. bxc6 bxc6 15. Re1 Qc7 16. Be3 Ra6 17. Qd2 Nf5 18. Rb3 h6 19. Reb1 Nd4 20. Bxd4 exd4 21. Nd1 Bc8 22. Qb2 Ra5 23. Rb6 Rc5 24. Qa3 h5 25. Qa8 Bg4 26. Qb7 Rc8 27. Qxc7 Rxc7 28. Bxg4 hxg4 29. Rb7 Rxb7 30. Rxb7 d5 31. Rb4 Ra5 32. Nb2 Ra1+ 33. Kg2 Bf8 34. Rb8 Kg7 35. cxd5 cxd5 36. f3 Rb1 37. Rb3 gxf3+ 38. Kxf3 Be7 39. Rb6 Bg5 40. Nc4 dxc4 41. Rxb1 c3 42. Ke4 c2 43. Ra1 Be3 44. Rf1 f5+ 45. Ke5 Kh6 46. h3 Kg5 47. Rh1 c1Q 48. Rxc1 Bxc1 49. Kxd4 f4 50. gxf4+ Kxf4 51. e4 g5 52. Kd5 Kg3 53. e5 Kxh3 54. e6 Ba3 55. Kc6 g4 56. d4 g3 57. d5 g2 58. d6 g1Q 59. e7 Qd1 0-1

[Event "Krakow op-A 26th"]
[Site "Krakow"]
[Date "2016.01.02"]
[Round "7"]
[White "Firman, Nazar"]
[Black "Dragun, Kamil"]
[Result "0-1"]
[WhiteElo "2523"]
[BlackElo "2564"]
[PlyCount "84"]
[EventDate "2015.12.27"]
[EventType "swiss"]
[EventRounds "9"]
[EventCountry "POL"]
[SourceTitle "CBM 170 Extra"]
[Source "ChessBase"]
[SourceDate "2016.02.25"]
[SourceVersion "1"]
[SourceVersionDate "2016.02.25"]
[SourceQuality "1"]

1. e4 c5 2. Nf3 d6 3. d4 cxd4 4. Nxd4 Nf6 5. Nc3 a6 6. h3 e5 7. Nde2 h5 8. g3 Nbd7 9. Bg2 b5 10. Bg5 Be7 11. a4 b4 12. Nd5 Nxd5 13. Qxd5 Rb8 14. Bxe7 Qxe7 15. Rd1 Nb6 16. Qc6+ Qd7 17. Rxd6 Qxc6 18. Rxc6 Nxa4 19. b3 Kd7 20. Rc4 Kd6 21. f4 f6 22. Nd4 Nb6 23. fxe5+ fxe5 24. Rc6+ Kd7 25. 0-0 exd4 26. e5 Rh6 27. Rf7+ Ke8 28. Rcc7 Bd7 29. Rxg7 Kd8 30. Ra7 Re6 31. Rxa6 Rxe5 32. g4 hxg4 33. hxg4 Nc8 34. Rh6 Rb6 35. g5 Kc7 36. Rhh7 Rd6 37. Kf2 Nb6 38. Bh3 Rc5 39. g6 Rxc2+ 40. Ke1 d3 41. Kd1 Ra2 42. Bg4 d2 0-1

[Event "Krakow op-A 26th"]
[Site "Krakow"]
[Date "2015.12.29"]
[Round "3"]
[White "Stetsko, Lanita"]
[Black "Firman, Nazar"]
[Result "0-1"]
[WhiteElo "2257"]
[BlackElo "2523"]
[PlyCount "50"]
[EventDate "2015.12.27"]
[EventType "swiss"]
[EventRounds "9"]
[EventCountry "POL"]
[SourceTitle "CBM 170 Extra"]
[Source "ChessBase"]
[SourceDate "2016.02.25"]
[SourceVersion "1"]
[SourceVersionDate "2016.02.25"]
[SourceQuality "1"]

1. e4 g6 2. d4 Bg7 3. Nc3 d6 4. Be3 a6 5. Nf3 Nf6 6. Bd3 0-0 7. Qd2 Bg4 8. h3 Bxf3 9. gxf3 Nbd7 10. Ne2 e5 11. d5 Nh5 12. 0-0-0 Nc5 13. Ng3 Nf4 14. h4 h5 15. Ne2 Qf6 16. Rde1 Rfe8 17. Qc3 Ng2 18. Bg5 Qxf3 19. Reg1 Nf4 20. Nxf4 exf4 21. Bf6 Nxe4 22. Bxe4 Qxc3 23. Bxc3 Rxe4 24. Bxg7 Kxg7 25. Re1 Rae8 0-1